[Event "ISR-chT 0809"]
[Site "Israel"]
[Date "2009.01.09"]
[Round "5"]
[White "Hadany, Gilad"]
[Black "Gelfer, Israel"]
[Result "1/2-1/2"]
[WhiteElo "2090"]
[BlackElo "2335"]
[PlyCount "40"]
[EventDate "2008.12.12"]
[EventType "team-tourn"]
[EventRounds "11"]
[EventCountry "ISR"]
[SourceTitle "EXT 2010"]
[Source "ChessBase"]
[SourceDate "2010.11.25"]
[SourceVersion "1"]
[SourceVersionDate "2010.11.25"]
[SourceQuality "1"]

1. e4 c6 2. d4 d5 3. Nd2 dxe4 4. Nxe4 Bf5 5. Ng3 Bg6 6. h4 h6 7. Nf3 Nd7 8. Bd3 Bxd3 9. Qxd3 Ngf6 10. Bd2 e6 11. 0-0-0 Qc7 12. Rhe1 0-0-0 13. c4 Bd6 14. Ne4 Bf4 15. Bxf4 Qxf4+ 16. Kb1 Nxe4 17. Rxe4 Qf5 18. Re3 Qxd3+ 19. Rexd3 Kc7 20. Ne5 Nxe5 1/2-1/2

[Event "ISR-chT 0809"]
[Site "Israel"]
[Date "2008.12.19"]
[Round "3"]
[White "Hadany, Gilad"]
[Black "Porat, David"]
[Result "1/2-1/2"]
[WhiteElo "2090"]
[BlackElo "2196"]
[PlyCount "60"]
[EventDate "2008.12.12"]
[EventType "team-tourn"]
[EventRounds "11"]
[EventCountry "ISR"]
[SourceTitle "EXT 2010"]
[Source "ChessBase"]
[SourceDate "2010.11.25"]
[SourceVersion "1"]
[SourceVersionDate "2010.11.25"]
[SourceQuality "1"]

1. e4 c5 2. Nf3 d6 3. d4 cxd4 4. Nxd4 Nf6 5. Nc3 g6 6. Be3 Bg7 7. f3 0-0 8. Qd2 Nc6 9. g4 Nxd4 10. Bxd4 Be6 11. 0-0-0 Qa5 12. a3 Rfc8 13. h4 Rab8 14. h5 b5 15. hxg6 fxg6 16. g5 Nh5 17. Bxg7 Nxg7 18. Bh3 Rc5 19. Qh2 Bxh3 20. Qxh3 b4 21. Qxh7+ Kf7 22. Nd5 bxa3 23. b3 Rxb3 24. Rh6 Rb1+ 25. Kxb1 Qb5+ 26. Kc1 Qb2+ 27. Kd2 Qd4+ 28. Kc1 Qb2+ 29. Kd2 Qd4+ 30. Kc1 Qb2+ 1/2-1/2